000 00417nam a2200181Ia 4500
005 20250603144951.0
008 250603s9999 xx 000 0 und d
020 _a9780849312670
050 _aQR 115 .M35/
100 _aMcLandsborough, Lynne
245 0 _aFood microbiology laboratory
260 _aNew York
260 _bCRC Press
260 _c2005
300 _a179 p
650 _aNew York
942 _cBK
999 _c40485
_d40485